000 00567nam a2200169 a 4500
001 000031677
005 20200930063110.0
008 091118s1972 dr c 000 0 spa d
040 _aDO-SdBNP
_bspa
_cBNPHU
082 _assss
_bP328n
100 1 _aPaulino, Aliro,
_d1931-
_929753
245 1 3 _aLa noche que atentaron contra el libertador /
_cAliro Paulino.
260 _aSanto Domingo :
_bMundo Diplomatico Internacional,
_c1972.
300 _a[4 ] p. : ;
_c22 cm.
500 _aCoferencia pronunciada en la Biblioteca Nacional el día 18 de diciembre
049 _aBNPD
999 _c31169
_d31169